Online Catalogue and eLibrary

Partial Visions: (Record no. 1743)

MARC details
000 -LEADER
fixed length control field 00473nam a2200181Ia 4500
005 - DATE AND TIME OF LATEST TRANSACTION
control field 20250210002303.0
008 - FIXED-LENGTH DATA ELEMENTS--GENERAL INFORMATION
fixed length control field 240331s9999 xx 000 0 und d
020 ## - INTERNATIONAL STANDARD BOOK NUMBER
ISBN 0415015197
082 ## - DDC Classification
Item Number - Author Mark BAM
DDC Edition Number 3630
Class No. 305.401
100 ## - MAIN ENTRY--PERSONAL NAME
Personal name Bammer, A
245 #0 - TITLE STATEMENT
Title Partial Visions:
Remainder of title Feminism and Utopianism in the 1970s
260 ## - PUBLICATION, DISTRIBUTION, ETC.
Place of publication, distribution, etc. New York;
-- London
Name of publisher, distributor, etc. Routledge
Date of publication, distribution, etc. 1991
300 ## - PHYSICAL DESCRIPTION
Extent (e.g. Volumes, Pages etc.) 198 p.,
650 ## - SUBJECT ADDED ENTRY--TOPICAL TERM
Topical term or geographic name entry element Feminism
650 ## - SUBJECT ADDED ENTRY--TOPICAL TERM
Topical term or geographic name entry element Utopianism
650 ## - SUBJECT ADDED ENTRY--TOPICAL TERM
Topical term or geographic name entry element Feminist Politics
942 ## - Koha item type (Biblio)
Koha item type Books in Stacks (Lending)
Holdings
Lost status Damaged status Collection code Home library Current library Shelving location Date acquired Full call number Accession Number Item type
    Lending WERC Library WERC Library Social Science Cupboard 03/31/2024 305.4 BAM 3630 Books in Stacks (Lending)

© WERC Library